Stigmate: Introduction a l'étude des pays dits en voie de développement

Sparad:
Bibliografiska uppgifter
Huvudupphovsman: Firouzeh Nahavandi
Materialtyp: Bok
Språk:Undetermined
Publicerad: Bruxelles Bruylant 2001
Ämnen:
Taggar: Lägg till en tagg
Inga taggar, Lägg till första taggen!
Thư viện lưu trữ: Trung tâm Học liệu Trường Đại học Cần Thơ
LEADER 00517nam a2200181Ia 4500
001 CTU_73046
008 210402s9999 xx 000 0 und d
082 |a 362.1 
082 |b N153 
100 |a Firouzeh Nahavandi 
245 0 |a Stigmate: Introduction a l'étude des pays dits en voie de développement 
245 0 |c Firouzeh Nahavandi 
260 |a Bruxelles 
260 |b Bruylant 
260 |c 2001 
650 |a public health care 
904 |i Minh 
980 |a Trung tâm Học liệu Trường Đại học Cần Thơ